Report on Bonded Labour. (Record no. 1434949)

MARC details
000 -LEADER
fixed length control field 00529nam a22001937a 4500
005 - DATE AND TIME OF LATEST TRANSACTION
control field 20250828152344.0
008 - FIXED-LENGTH DATA ELEMENTS--GENERAL INFORMATION
fixed length control field 250828b |||||||| |||| 00| 0 eng d
037 ## - SOURCE OF ACQUISITION
Terms of availability TB
040 ## - CATALOGING SOURCE
Original cataloging agency CRL
Transcribing agency CRL
041 ## - LANGUAGE CODE
Source of code eng
Language code of text/sound track or separate title eng
084 ## - COLON CLASSIFICATION NUMBER
Assigning agency TB
100 ## - MAIN ENTRY--PERSONAL NAME
Personal name Shastri, Lal Bahadur
245 ## - TITLE STATEMENT
Title Report on Bonded Labour.
260 ## - PUBLICATION, DISTRIBUTION, ETC.
Place of publication, distribution, etc. Mussoorie, India:
Name of publisher, distributor, etc. lal Bahadur shastri national Academy,
Date of publication, distribution, etc. 1973.
300 ## - PHYSICAL DESCRIPTION
Extent 73p.
440 ## - SERIES STATEMENT/ADDED ENTRY--TITLE
Volume/sequential designation vol. 3
942 ## - ADDED ENTRY ELEMENTS (KOHA)
Source of classification or shelving scheme Colon Classification (CC)
Koha item type Textbook
Suppress in OPAC No
Holdings
Withdrawn status Lost status Source of classification or shelving scheme Damaged status Not for loan Home library Current library Date acquired Inventory number Total Checkouts Barcode Date last seen Price effective from Koha item type
    Colon Classification (CC)     Central Library Central Library 2025-08-28 Gift   CL1233142 2025-08-28 2025-08-28 Textbook
Copyright @ Delhi University Library System